Pelletizing of iron ores /

Bibliographic Details
Main Author: Meyer, Kurt, 1911-
Format: Book
Language:English
Published: Berlin ; New York : Dusseldorf : Springer-Verlag ; Verlag Stahleisen, 1980.
Subjects:

MARC

Tag First Indicator Second Indicator Subfields
LEADER 00000pam a2200000 a 4500
001 in00000091037
005 20151008063859.0
008 800714s1980 wb a b 00110 engm
010 |a  80023891  
020 |a 0387102159 (U.S.) 
035 |a (OCoLC)06579799 
035 |9 AAK3105AM 
040 |a DLC  |c DLC  |d m.c.  |d TXA  |d UtOrBLW 
049 |a TXAM  |c [1442563] 
050 0 0 |a TN535  |b .M47 
082 0 |a 622/.341  |2 19 
100 1 |a Meyer, Kurt,  |d 1911- 
245 1 0 |a Pelletizing of iron ores /  |c Kurt Meyer. 
264 1 |a Berlin ;  |a New York :  |b Springer-Verlag ;  |a Dusseldorf :  |b Verlag Stahleisen,  |c 1980. 
300 |a xvii, 302 pages :  |b illustrations ;  |c 24 cm. 
336 |a text  |b txt  |2 rdacontent 
337 |a unmediated  |b n  |2 rdamedia 
338 |a volume  |b nc  |2 rdacarrier 
504 |a Includes bibliographical references and index. 
650 0 |a Pelletizing (Ore-dressing) 
650 0 |a Iron ores. 
999 |a MARS 
999 f f |s ec00a01f-ec24-30e5-98cc-0df62a8b674d  |i 284779c2-71af-37f7-adfb-6c4293ff38ab  |t 0 
952 f f |p normal  |a Texas A&M University  |b College Station  |c Sterling C. Evans Library  |s Evans stk  |d Evans: Library Stacks  |t 0  |e TN535 .M47  |h Library of Congress classification  |i unmediated -- volume  |m A14806254971 
998 f f |a TN535 .M47  |t 0  |l Evans: Library Stacks